zpět

Detail výsledku týmu

Kozlovna S-klub, Olomouc

Datum a čas kvízu

29.5 Celkem bodů Celkový počet nahraných bodů na tomto kvízu bez doplňovacích otázek.
2. Pořadí na kvízu Konečné umístění týmu na tomto kvízu.

Zaznamenané odpovědi

# Otázka Odpověď Body Výsledky
1. Centrum pro výzkum veřejného m... Pavel Rychetský 0
2. V pařížské katedrále Notre-Dam... všichni museli mít na hlavách stavební přilby 1
3. Odpolední sobotní program fest... Milovice 1
4. Cena zeleniny u nás stále stou... o cibuli 1
5. Minulý týden bylo poměrně přek... Filip Pešán 1
6. K čemu slouží v Překladači Goo... pro nákres či nabídku znaků obrázkových abeced 0
7. Jestliže zadáme do předmětného... A) proč kluci dělají cucfleky 0
8. Při použití vyhledávače, o něm... easter egg (velikonoční vajíčko) 1
9. Sídlo společnosti Google nemůž... Googleplex 0
10. Koncept svátečního loga (tzv.... Den sv. Patrika 1